000 00607nam a2200229Ia 4500
003 OSt
005 20220924121516.0
006 a|||||r|||| 00| 0
007 ta
008 220923b |||||||| |||| 00| 0 urd d
024 _a315176
037 _cTextual
040 _aARTS
_cARTS
_burd
041 _2urd
_aurd
082 _aO168,1NAH1x, M8
100 _aAhmad Shameem
_9186162
245 0 _aRet par safar ka lamha
260 _aIslamabad
_bAksi India
_c1983
650 _aURDU POETRY
942 _hO168,1NAH1x, M8
_cTEXL
_2CC
999 _c407807
_d407807